Women from down under.

Guardat en:
Dades bibliogràfiques
Altres autors: Parker, Christine (Director), Pellizzari, Monica (Director), Andreef, Christina (Director), Schneider, Jane (regista) (Director)
Format: Diapositiva
Idioma:anglès
Publicat: New York : First Run Features, [1996?]
Etiquetes: Afegir etiqueta
Sense etiquetes, Sigues el primer a etiquetar aquest registre!

MARC

LEADER 00000ngm a22000007i 4500
001 IT\ICCU\UBO\4267470
003 ItRI
005 20260124182846.0
008 170921s1996 xxu|||||||||||||||k|||||c
040 |b ita 
041 7 |a eng  |2 ISO-639-2 
245 0 0 |a Women from down under. 
260 |a New York :  |b First Run Features,  |c [1996?] 
300 |a 1 videocassetta (VHS) (52 min.) :  |b color. e b/n, sonoro 
500 |a Titolo del contenitore 
500 |a Contiene: Peach / directed by Christine Parker (1995, 16 min.). Just desserts / produced and directed by Monica Pellizzari (1993, 13 min.). Excursion to the bridge of friendship / written and directed by Christina Andreef (1992, 12 min.). Jumping the gun / directed by Jane Schneider (1993, 10 min.). 
700 1 |a Parker, Christine  |0 IT\ICCU\UBOV\440914  |4 drt 
700 1 |a Pellizzari, Monica  |0 IT\ICCU\UBOV\445484  |4 drt 
700 1 |a Andreef, Christina  |0 IT\ICCU\UBOV\445486  |4 drt 
700 1 |a Schneider, Jane  |c  (regista)  |0 IT\ICCU\UBOV\445490  |4 drt 
942 |2 ddc  |c VM  |n 0 
952 |0 0  |1 0  |4 0  |6 VO_1344_000000000000000  |7 0  |9 27111  |a BO  |b BO  |d 2026-01-24  |i 10576  |l 0  |o VO 1344  |p BO10576  |r 2026-01-24 18:28:46  |w 2026-01-24  |x [Sebina 7] [1 videocassetta]  |y VM  |z 1 videocassetta 
999 |c 22945  |d 22945